Kể chuyện danh nhân thế giới. t.IX /
Bewaard in:
| Andere auteurs: | |
|---|---|
| Formaat: | Sách giấy |
| Taal: | Vietnamese |
| Gepubliceerd in: |
Tp. HCM :
Trẻ,
2001
|
| Tags: |
Voeg label toe
Geen labels, Wees de eerste die dit record labelt!
|
| Thư viện lưu trữ: | Thư viện Trường Đại học Đà Lạt |
|---|
| LEADER | 00696nam a2200289 4500 | ||
|---|---|---|---|
| 001 | DLU030022064 | ||
| 003 | ##DLU | ||
| 005 | ##20021230 | ||
| 008 | ##021230t vn z000 vie d | ||
| 040 | # | # | |a DLU |b vie |
| 041 | # | # | |a vie |
| 044 | # | # | |a vn |
| 082 | # | # | |a 920.02 |b Kec |
| 245 | # | # | |a Kể chuyện danh nhân thế giới. |n t.IX / |c Giang Tân biên soạn |
| 260 | # | # | |a Tp. HCM : |b Trẻ, |c 2001 |
| 300 | # | # | |a 79 tr. ; |c 20 cm |
| 700 | # | # | |a Giang Tân |e biên soạn |
| 990 | # | # | |a t.IX |
| 992 | # | # | |a 8400 |
| 994 | # | # | |a DLU |
| 900 | # | # | |a True |
| 911 | # | # | |a Thái Thị Thanh Thủy |
| 925 | # | # | |a G |
| 926 | # | # | |a A |
| 927 | # | # | |a SH |
| 980 | # | # | |a Thư viện Trường Đại học Đà Lạt |